Matrix differential calculus with applications in statistics and econometrics

Αποθηκεύτηκε σε:
Λεπτομέρειες βιβλιογραφικής εγγραφής
Κύριος συγγραφέας: Magnus, Jan R.
Άλλοι συγγραφείς: Neudecker, Heinz
Μορφή: Βιβλίο
Γλώσσα:English
Δημοσίευση: New York : John Wiley, 1999.
Σειρά:Wiley series in probability and statistics
Θέματα:
Ετικέτες: Προσθήκη ετικέτας
Δεν υπάρχουν, Καταχωρήστε ετικέτα πρώτοι!

MARC

LEADER 00000cam a2200000 i 4500
001 1/490
008 000404s1999 nyu| ||| |||| ||eng||
020 |a 0471915165 
035 |l 10059678 
040 |a GR-MyUa  |b gre  |e AACR2 
041 0 |a eng 
082 7 |a 512.9434   |2 (22) 
100 1 |a Magnus, Jan R. 
245 1 0 |a Matrix differential calculus with applications in statistics and econometrics /   |c Jan R. Magnus and Heinz Neudecker. 
260 |a New York :   |b John Wiley,   |c 1999. 
300 |a xviii, 395 σ. :   |b εικ. ;   |c 24 εκ. 
490 1 |a (Wiley series in probability and statistics) 
504 |a Περιλαμβάνει βιβλιογραφικές παραπομπές και ευρετήριο. 
650 0 0 |a Matrices. 
650 0 0 |a Differential calculus. 
650 0 0 |a Statistics. 
650 0 0 |a Econometrics. 
700 1 |a Neudecker, Heinz. 
830 0 |a Wiley series in probability and statistics 
852 |a INST  |b SAMOS  |e 20000404  |h 512.9434 MAG  |p 005300017761  |q 005300017761  |t BK  |y 0 
901 |a BIBL3-2000-1 
922 |a 3ΕΛΗ  |b 200003  |c ΚΠΣ  |d LEADER 
950 |a 116-1999-12-28 
970 |a ΠΟΥΡΝΑΡΑΣ  |b ΔΗΜΗΤΡΗΣ  |z 2000/04/04